Aplikácia rúrkových drôtov pre zváranie dynamicky namáhaných konštrukcií z nelegovaných a nízkolegovaných ocelí : Diplomová práca

Salvato in:
Dettagli Bibliografici
Autore principale: Vozár, Miroslav (Autore)
Altri autori: Kozma, Ladislav (xxx)
Natura: Manoscritto Libro
Lingua:slovacco
Pubblicazione: Trnava : STU v Bratislave MtF KZv, 2002
Soggetti:
Tags: Aggiungi Tag
Nessun Tag, puoi essere il primo ad aggiungerne!!

MARC

LEADER 00000ntm a22000003a 4500
001 stu76255
005 20160719155041.8
008 020624s2002----xo------------------slo-d
040 |a STU  |b slo 
041 0 |a slo 
044 |a xo 
100 1 |a Vozár, Miroslav  |4 aut 
245 1 |a Aplikácia rúrkových drôtov pre zváranie dynamicky namáhaných konštrukcií z nelegovaných a nízkolegovaných ocelí :  |b Diplomová práca 
260 |a Trnava :  |b STU v Bratislave MtF KZv,  |c 2002 
300 |a 65 s  |c abstr. 
650 7 |a rúrkové drôty  |2 stusub 
650 7 |a nelegované ocele  |2 stusub 
650 7 |a strojárske technológie  |2 stusub 
700 1 |a Kozma, Ladislav  |4 xxx  |u M140  |T MTF Katedra zvárania  |X 1000601235  |U M140  |Y M140  |7 1000601235